مكتبة جامعة عجلون الوطنية

فهرس بحث المكتبة

الحماية القانونية للبيانات الشخصية في العقود الإلكترونية : "دراسة مقارنة بين التشريع الأردني والتشريعات الدولية" = Legal Protection of Personal Data in Electronic Contracts : A Comparative Study between Jordanian and International Legislation (Record no. 33966)

MARC details
000 -LEADER
fixed length control field 01082nam a22001937a 4500
003 - CONTROL NUMBER IDENTIFIER
control field JO-AjAnu
005 - DATE AND TIME OF LATEST TRANSACTION
control field 20250923092858.0
008 - FIXED-LENGTH DATA ELEMENTS--GENERAL INFORMATION
fixed length control field 250921b jo ||||| |||| 00| 0 ara d
040 ## - CATALOGING SOURCE
Original cataloging agency anu
Transcribing agency JO-AjAnu
041 ## - LANGUAGE CODE
Language code of original ara
100 ## - MAIN ENTRY--PERSONAL NAME
Personal name البلص، محمد بركات
Relator term معد
9 (RLIN) 66637
245 ## - TITLE STATEMENT
Title الحماية القانونية للبيانات الشخصية في العقود الإلكترونية : "دراسة مقارنة بين التشريع الأردني والتشريعات الدولية" = Legal Protection of Personal Data in Electronic Contracts : A Comparative Study between Jordanian and International Legislation
Statement of responsibility, etc. / اعداد محمد بركات البلص ؛ اشراف عيسى الصمادي
300 ## - PHYSICAL DESCRIPTION
Extent 69 ورقة
500 ## - GENERAL NOTE
General note رسالة جامعية (رسالة ماجستير في القانون) كلية الحقوق / جامعة عجلون الوطنية ، 2025
600 ## - SUBJECT ADDED ENTRY--PERSONAL NAME
Source of heading or term حم
650 ## - SUBJECT ADDED ENTRY--TOPICAL TERM
Form subdivision حماية البيانات-قوانين وتشريعات
700 ## - ADDED ENTRY--PERSONAL NAME
Personal name البلص، محمد بركات
Relator term معد
9 (RLIN) 66637
942 ## - ADDED ENTRY ELEMENTS (KOHA)
Source of classification or shelving scheme Library of Congress Classification
Koha item type Thesis
Suppress in OPAC No
Holdings
Withdrawn status Lost status Source of classification or shelving scheme Damaged status Not for loan Home library Current library Date acquired Total Checkouts Full call number Barcode Date last seen Price effective from Koha item type
    Library of Congress Classification     مكتبة جامعة عجلون الوطنية مكتبة جامعة عجلون الوطنية 21/09/2025   K3264.2025 A30348 21/09/2025 21/09/2025 Thesis
    Library of Congress Classification     مكتبة جامعة عجلون الوطنية مكتبة جامعة عجلون الوطنية 21/09/2025   K3264.2025 A30347 21/09/2025 21/09/2025 Thesis